000 00426nam a22001817a 4500
005 20251118123539.0
008 251118b |||||||| |||| 00| 0 eng d
037 _cTB
040 _aCRL
_cCRL
041 _2ARB
_aARB
084 _bCRL
100 _aGhaffar
_9851996
245 _aRubat al-walaya
260 _c1987.
300 _a219p.
942 _2CC
_cTB
_n0
999 _c1465452
_d1465452